00980nam a2200289 i 450000100060000000300090000600500170001500800390003201500170007104000350008808000070012310000440013024500580017425000500023226000580028230000340034038000160037438800140039065000270040465500170043165800230044871000440047185600980051594200120061399900170062595200480064212622KOSZ 00520211005132818.0070714s1970 pl a g 000 0 pol aPB 1970/2600 aWA NcKOSZ 005/RWdKOSZ 005/RW a771 aPłażewski, Jerzyd(1924-2015)eAutor10aFotografowanie nie jest trudne /cJerzy Płażewski. aWyd. 7 uzup. najnowszymi zdobyczami techniki. aWarszawa :bWydawnictwa Artystyczne i Filmowe,c1970. a239 s. :bil., err. ;c23 cm. aKsiążki a1901-2000 7aTechniki fotograficzne 4aPodręcznik aHobby i czas wolny2 aWydawnictwa Artystyczne i Filmowe4pbl. uhttp://koha.tu.koszalin.pl/cgi-bin/koha/opac-detail.pl?biblionumber=12622yKatalog online BPK 2UKDcKS c12622d12622 00104070aBPKbBPKcwo7384p01059557yKS